00318pab a2200121 454500008004000000100002200040245003400062260000900096300001000105362000900115650004000124773003200164180718b1985 xxu||||| |||| 00| 0 eng d aKim, Joong - Yang aCivil service reform in Korea c1985 a253-8 aFall aCivil Service - Legislation - Korea aPublic Personnel Management